| 000 | 01029pam a2200289 a 4500 | ||
|---|---|---|---|
| 999 |
_c330592 _d330592 |
||
| 001 | 4328379 | ||
| 003 | NUST | ||
| 005 | 20170721163049.0 | ||
| 008 | 880706s1988 nyua 001 0 eng | ||
| 010 | _a 88013373 | ||
| 020 | _a0070197830 | ||
| 040 |
_aDLC _cDLC _dDLC |
||
| 050 | 0 | 0 |
_aTA357.3 _b.E84 1988 |
| 082 | 0 | 0 |
_a627 EVE _219 |
| 100 | 1 |
_aEvett, Jack B., _d1942- _93537 |
|
| 245 | 1 | 0 |
_a2500 solved problems in fluid mechanics and hydraulics / _cby Jack B. Evett, Cheng Liu. |
| 260 |
_aNew York : _bMcGraw-Hill, _cc1989. |
||
| 300 |
_axi, 797 p. : _bill. ; _c28 cm. |
||
| 440 | 0 |
_aSchaum's solved problems series _93538 |
|
| 500 | _aIncludes index. | ||
| 501 | _aP.B | ||
| 650 | 0 |
_aFluid mechanics _xProblems, exercises, etc. _93394 |
|
| 650 | 0 |
_aHydraulics _xProblems, exercises, etc. _93539 |
|
| 700 | 1 |
_aLiu, Cheng, _d1937- _93540 |
|
| 740 | 0 | _aTwenty-five hundred solved problems in fluid mechanics and hydraulics. | |
| 906 |
_a7 _bcbc _corignew _d1 _eocip _f19 _gy-gencatlg |
||
| 942 |
_2ddc _cBK _kIESE |
||